The American short story (Бичлэгийн дугаар. 145963)
| 000 -УДИРДЛАГА | |
|---|---|
| Удирдлага | 00667nam a22002657a 4500 |
| 003 - ХЯНАЛТЫН ТОО ТОДОРХОЙЛОГЧ | |
| Код | MN-UlNUM |
| 005 - БИЧИЛТ ХИЙСЭН ОГНОО | |
| Тухайн бичилтийг бичсэн засварласан сүүлийн огноо | 20260128104507.0 |
| 008 - ЕРӨНХИЙ МЭДЭЭЛЭЛ | |
| Ерөнхий мэдээлэл | 251217s2000 ilu|d||| |||| 001 0 eng | |
| 020 ## - ISBN | |
| ISBN | 0658000381 |
| 040 ## - БИЧЛЭГ ҮҮСГЭГЧ БАЙГУУЛЛАГА | |
| Бичлэг үүсгэгч номын сангийн код | МУИС-ийн номын сан |
| 084 ## - ББК АНГИЛАЛ | |
| Нэмэлт тусгалт | Бусад |
| ББК ангилал | 63.3(7) |
| Зохиогчийн гурван тэмдэгт | T 44 |
| Мэдлэгийн ялгаа | 63 - Түүх |
| 245 04 - ҮНДСЭН ГАРЧИГ | |
| Номын нэр | The American short story |
| 260 ## - ГАРАЛТЫН МЭДЭЭ | |
| Хэвлэгдсэн газар | Lincolnwood, Ill. : |
| Хэвлэлийн газар | National Textbook Co., |
| Хэвлэгдсэн он | 2000. |
| 300 ## - МАТЕРИАЛЫН ТОДОРХОЙЛОЛТ | |
| хуудасны тоо | 300 p.; |
| Хэмжээ | 24 cm. |
| 500 ## - Тайлбар | |
| Дансны дугаар | БС 4612 |
| 546 ## - ХЭЛНИЙ ТУХАЙ МЭДЭЭ | |
| Хэл | Англи хэл дээр, |
| 653 ## - Түлхүүр үг | |
| Түлхүүр үг | Short stories |
| 653 ## - Түлхүүр үг | |
| Түлхүүр үг | American |
| 740 ## - НОМЫН ГАРЧИГ | |
| Гарчиг | Washington Irving |
| 740 ## - НОМЫН ГАРЧИГ | |
| Гарчиг | Nathaniel Hawthorne |
| 740 ## - НОМЫН ГАРЧИГ | |
| Гарчиг | Edgar Allan Poe |
| 740 ## - НОМЫН ГАРЧИГ | |
| Гарчиг | Bret Harte |
| 942 ## - ЭЛЕМЕНТИЙН ТӨРӨЛ | |
| Зүйлийн төрөл | Ном |
